000 00550nam a22001575i 4500
001 53292
003 ES-MaACL
007 t|
008 940202s1862 fr ||||1| fre d
040 _aCAM
_bspa
100 1 _aDuval, Jules.
_946376
245 1 0 _aHistoire de l'émigration européenne, asiatique et africaine au XIXe. siècle
_b: ses causes, ses caractères, ses effects /
_cpar Jules Duval.
260 _aParis :
_bGuillaumin et Cie.,
_c1862 (
_eSaint-Denis :
_fTyp. de A. Moulin)
300 _aXVI, 496 p. ;
_c22 cm.
852 _aES-MaACL
_jG-12767
999 _c53292
_d53292